[Event "NOR-chT north 0203"]
[Site "Norway"]
[Date "2003.??.??"]
[Round "1"]
[White "Larsen, Stig Borje"]
[Black "Lonning, Dag"]
[Result "0-1"]
[WhiteElo "1730"]
[BlackElo "1609"]
[PlyCount "96"]
[EventDate "2002.10.??"]
[EventType "team-tourn"]
[EventRounds "5"]
[EventCountry "NOR"]
[SourceTitle "EXT 2005"]
[Source "ChessBase"]
[SourceDate "2004.11.15"]
[SourceVersion "1"]
[SourceVersionDate "2004.11.15"]
[SourceQuality "1"]

1. e4 g6 2. d4 Bg7 3. Nf3 d6 4. Nc3 Nc6 5. Be2 e5 6. Be3 Bg4 7. dxe5 Bxf3 8. Bxf3 Nxe5 9. Be2 Ne7 10. 0-0 Qd7 11. f4 N5c6 12. f5 f6 13. Nd5 Nxd5 14. Qxd5 0-0-0 15. h3 gxf5 16. Rxf5 Kb8 17. Qb3 Ne7 18. Ra5 Nc8 19. Bg4 Qc6 20. Bxc8 Kxc8 21. Rxa7 Kb8 22. Rf1 Rhe8 23. Qa3 Kc8 24. Ra8+ Kd7 25. Rxd8+ Kxd8 26. Bd4 Qxe4 27. Qc3 Re6 28. Bxf6+ Bxf6 29. Rxf6 Rxf6 30. Qxf6+ Kd7 31. Qf7+ Kc6 32. Qf3 Kd5 33. Kf2 Ke5 34. Qh5+ Kd4 35. Qd1+ Kc5 36. Qe2 Qf4+ 37. Qf3 Qd2+ 38. Kg3 Qxc2 39. Qxb7 c6 40. b4+ Kd4 41. Qb6+ Kd3 42. Qa6+ Qc4 43. Qa5 d5 44. a4 Qc3 45. Kg4 Kc2 46. Qb6 d4 47. b5 d3 48. bxc6 d2 0-1